| 000 | 00627nam a2200217 a 4500 | ||
|---|---|---|---|
| 005 | 20240806063927.0 | ||
| 008 | 020513s20062002mx r 000 0 spa d | ||
| 020 | _a9707490063 (10 dígitos) | ||
| 020 | _a9789707490062 (13 dígitos) | ||
| 035 | _aUPN01000173168 | ||
| 049 | _aCG | ||
| 050 | 4 |
_aPQ7298.23 A8 _bA7.7b |
|
| 100 | 1 |
_aMastretta, Ángeles, _d1949- _929183 |
|
| 245 | 1 | 0 |
_aArráncame la vida / _cAngeles Mastretta. |
| 260 |
_aMéxico : _bPlaneta Mexicana, _c2006. |
||
| 300 | _a268 p. | ||
| 440 | 0 |
_abooket. _pNovela |
|
| 650 | 4 |
_aNovela mexicana _94557 |
|
| 650 | 4 |
_aLiteratura mexicana _94466 |
|
| 905 | _aLibro | ||
| 999 |
_c145272 _d145272 |
||